Music Quiz

Random Music or Billboard Quiz

Twice Missing Words in Song Titles Quiz Stats

Quiz Updated Jan 30, 2016

Also try: 'Summer' Songs
Challenge
Share
Tweet
Embed
Score 0/25 Timer 05:00
3 Plays Today
% Correct
Good
92.7%
Get
92.7%
Boom
92.3%
Want
91.8%
Red
91.8%
Time
91.3%
Oogie
90.5%
Little
89.2%
Right
87.8%
All
87.4%
Never
87.2%
Dream
87.1%
Mo
86%
% Correct
Love
85.6%
Home
84.6%
Condition
82.7%
People
81.9%
Changes
81.4%
Bad
79.2%
Hey
76.7%
You
76.2%
Bye
75.6%
Times
74.8%
Shoop
72.7%
Say
71.4%

You're not logged in!

Compare scores with friends on all Sporcle quizzes.
Sign Up with Email
OR
Log In

You Might Also Like...

Show Comments

Extras

Top Quizzes Today


Score Distribution

Your Account Isn't Verified!

In order to create a playlist on Sporcle, you need to verify the email address you used during registration. Go to your Sporcle Settings to finish the process.